Leader xxxxxxxxxx
001 __ PCLIS00046743
005 __ 20131030164752.0008
010 0_ |a978-957-33-3017-2|b平裝|d新台幣250元
020 __ |atw|b102016151
042 __ |anbic
100 __ |a20131030d2013 y0chiy50 e
101 0_ |achi
102 __ |atw
105 __ |ay z 000yy
200 1_ |a見鬼的愛情|e|f雷鈞著
205 __ |a
210 __ |a臺北市|c皇冠|d2013[民102]
215 0_ |a283面|c|d21公分
225 2_ |aJoy|v159
225 2_ |a皇冠叢書|v第4339種
225 2_ |a第三屆島田莊司推理小說選決選入圍作品
300 __ |a
461 _0 |12001 |aJoy|v159
461 _0 |12001 |a皇冠叢書|v第4339種
461 _0 |12001 |a第三屆島田莊司推理小說選決選入圍作品
681 __ |a857.7|b1087b
700 _1 |a雷|b鈞|4著
702 __ |a|b|4
801 _0 |atw|b靜宜|gCCR|c20131030
|